000 00305nam a22001337a 4500
020 _a0-7513-6917-9
082 _a030
_bDOR/S
100 _aDORLING KINDERSLEY
245 _aSPORT
_bPICTUREPEDIA
260 _aLONDON
_bDK LIMITED
_c1993
300 _a48
650 _aENCYCLOPEDIA
_zUNITED KINGDOM
942 _cBK
999 _c2271
_d2271